000 00246nmm a2200085Ia 4500
008 220120s9999||||xx |||||||||||||||||und||
100 _aLFY
_910674
245 0 _aOctober 2010: Sabayon 5.3, linux open your source, open your
260 _aEFY enterprises
999 _c139604
_d139604